| 000 | 00457cam a2200145 4500500 | ||
|---|---|---|---|
| 005 | 20251012011247.0 | ||
| 041 | _afre | ||
| 042 | _adc | ||
| 100 | 1 | 0 |
_aRogé, Antoine _eauthor |
| 245 | 0 | 0 | _aMatière à penser / Juin 2014 |
| 260 | _c2014. | ||
| 500 | _a64 | ||
| 786 | 0 | _nPhilosophie magazine | 80 | 6 | 2014-06-01 | p. 10-10 | 1951-1787 | |
| 856 | 4 | 1 | _uhttps://shs.cairn.info/magazine-philosophie-magazine-2014-6-page-10?lang=fr&redirect-ssocas=7080 |
| 999 |
_c1522383 _d1522383 |
||